The kindly ones : (Registro nro. 66143)
[ vista simple ]
| 000 -LÍDER | |
|---|---|
| Campo fijo de descripción fija | 02478cam a2200433 i 4500 |
| 001 - NÚMERO DE CONTROL | |
| Campo de control | 768714001 |
| 003 - IDENTIFICADOR DEL NÚMERO DE CONTROL | |
| Campo de control | CO-MdFUSB |
| 005 - FECHA Y HORA DE LA ULTIMA TRANSACCIÓN | |
| control field | 20200616190240.0 |
| 007 - CAMPO FIJO DE DESCRIPCIÓN FIJA--INFORMACIÓN GENERAL | |
| Campo fijo de descripción fija | ta |
| 008 - ELEMENTOS DE LONGITUD FIJA -- INFORMACIÓN GENERAL | |
| Campo fijo de descripción fija -- Información general | 080710t20092006nyu 000 f eng |
| 010 ## - NÚMERO DE CONTROL DE LA BIBLIOTECA DEL CONGRESO | |
| Número de control LC | 2008030788 |
| 020 ## - NÚMERO INTERNACIONAL NORMALIZADO PARA LIBROS | |
| Número Internacional Normalizado del libro | 9780061353451 (hardcover) |
| 020 ## - NÚMERO INTERNACIONAL NORMALIZADO PARA LIBROS | |
| Número Internacional Normalizado del libro | 9780061724473 (international ed.) |
| 020 ## - NÚMERO INTERNACIONAL NORMALIZADO PARA LIBROS | |
| Número Internacional Normalizado del libro | 0061724475 (international ed.) |
| 020 ## - NÚMERO INTERNACIONAL NORMALIZADO PARA LIBROS | |
| Número Internacional Normalizado del libro | 0061353450 |
| 040 ## - FUENTE DE CATALOGACIÓN | |
| Agencia de catalogación original | DLC |
| Agencia que realiza la transcripción | CO-MdFUSB |
| Agencia que realiza la modificación | YDX |
| -- | CO-MdFUSB |
| -- | BTCTA |
| -- | BAKER |
| -- | YDXCP |
| -- | WAU |
| -- | NMP |
| -- | CDX |
| -- | BWX |
| -- | Q2Z |
| -- | IAY |
| -- | CAP |
| -- | UtOrBLW |
| Idioma de catalogación | spa |
| Convenciones de la descripción | rda |
| 041 1# - CÓDIGO DE IDIOMA | |
| Código de idioma para texto/pista de sonido o título separado | eng |
| Código de idioma original | fre |
| 043 ## - GEOGRAPHIC AREA CODE | |
| Geographic area code | e-gx--- |
| 082 ## - NÚMERO DE CLASIFICACIÓN DECIMAL DEWEY | |
| Número de la edición del Dewey | 23 |
| Número de clasificación | 843.92 |
| Clave de autor-Numero de item | L777 |
| 100 1# - ASIENTO PRINCIPAL--NOMBRE PERSONAL | |
| Nombre personal | Littell, Jonathan, |
| Fechas asociadas con el nombre | 1967- |
| Término relacionador | autor |
| 240 10 - TITULO UNIFORME | |
| Título uniforme | <a href="Bienveillantes.">Bienveillantes.</a> |
| 245 14 - TÍTULO | |
| Título del Material | The kindly ones : |
| Parte restante del título - Subtitulo | a novel |
| Mención de responsabilidad, etc. | / Jonathan Littell ; traducido por Charlotte Mandell. |
| 250 ## - MENCIÓN DE EDICIÓN | |
| Mención de edición | First edition. |
| 264 #1 - PRODUCCIÓN, PUBLICACIÓN, DISTRIBUCIÓN, MANUFACTURA, Y COPYRIGHT | |
| Lugar de producción, publicación, distribución, manufactura | New York : |
| Nombre del productor, publicador, distribuidor | Harper, |
| Fecha de producción, publicación, distribución, manufactura, o copyright | [2006] |
| 264 #4 - PRODUCCIÓN, PUBLICACIÓN, DISTRIBUCIÓN, MANUFACTURA, Y COPYRIGHT | |
| Fecha de producción, publicación, distribución, manufactura, o copyright | © 2006 |
| 300 ## - DESCRIPCIÓN FÍSICA | |
| Extensión | 983 páginas ; |
| Dimensiones | 24 cm. |
| 336 ## - TIPO DE CONTENIDO | |
| Término de tipo de contenido | texto |
| Código de tipo de contenido | txt |
| Fuente | rdacontent. |
| 337 ## - TIPO DE MEDIO | |
| Nombre del tipo de medio | sin mediación |
| Código del tipo de medio | n |
| Fuente | rdamedia. |
| 338 ## - TIPO DE SOPORTE | |
| Nombre del tipo de soporte | volumen |
| Código Tipo de soporte | nc |
| Fuente | rdacarrier. |
| 500 ## - NOTA GENERAL | |
| Nota General | Publicado originalmente como: Les beinveillantes. París: Ediciones Gallimard, 2006. |
| 520 ## - NOTA DE RESUMEN, ETC. | |
| Nota de sumario, etc. | Memorias ficticias del Dr. Max Aue, un ex oficial nazi que sobrevivió a la guerra y se ha reinventado, muchos años después, como empresario de clase media y hombre de familia en el norte de Francia. Max es un intelectual inmerso en filosofía, literatura y música clásica. También es un asesino a sangre fría y el burócrata consumado. A través de los ojos de este hombre culto pero monstruoso, experimentamos los horrores de la Segunda Guerra Mundial y el genocidio nazi de los judíos en detalles gráficos, inquietantemente precisos desde el punto de vista oscuro e inquietante del verdugo en lugar de la víctima. Durante el período comprendido entre junio de 1941 y abril de 1945, Max es enviado a Polonia, Ucrania y el Cáucaso; él está presente en la batalla de Stalingrado, en Auschwitz y Cracovia; Visita París ocupada y vive el caos de los últimos días del régimen nazi en Berlín. Aunque Max es un personaje totalmente imaginado, su mundo está poblado por figuras históricas reales, como Eichmann, Himmler, Göring, Speer, Heydrich, Hoss y el propio Hitler. |
| 563 ## - NOTA DE ENCUADERNACIÓN | |
| Nota de encuadernación | Rústico |
| 653 ## - TÉRMINO DE INDIZACIÓN - NO CONTROLADO | |
| Término no controlado | Partido socialista obrero |
| 700 1# - ASIENTO SECUNDARIO - NOMBRE PERSONAL | |
| Nombre personal | Mandell, Charlotte. |
| Responsabilidad | traductor |
| 942 ## - TIPO DE MATERIAL (KOHA) | |
| Tipo de Item KOHA | Libros General |
| 945 ## - INFORMACIÓN LOCAL DEL REGISTRO | |
| Catalogador | JTF-925 |
No hay ítems disponibles.
